000 00760nam a22001937a 4500
999 _c371636
_d371636
008 201127b ||||| |||| 00| 0 eng d
040 _aDE-2950
_bger
_cDE-2950
_erda
041 _ager
245 _aAnsturm auf 9-Euro-Ticket.
_bBus und Bahn: Zum Verkaufsstart erzählen Kunden, was sie im Sommer vorhaben. Welche Reiseziele lassen sich mit den Regionalzug ab Frankfurt ansteuern?/
_cPhilipp Stepputis
264 _c2022
653 _aFrankfurt (Oder)
653 _a9-Euroticket
653 _aVerkaufsbeginn
773 _dFrankfurt (Oder) Märkisches Verlags- und Druckhaus GmbH & Co KG
_tMärkische Oderzeitung
_g33. Jahrgang (2022) Nr. 120 vom 24.05.2022, S. 13
942 _cA